Mots de la langue française terminés par "tin" - Statistiques

Statistiques générales
  • Ce quiz a été pris 138 fois
  • Le résultat moyen est 10 sur 31
Statistiques - réponses
Indice Mot % Correct
farfadet lutin
93%
langue morte latin
92%
repas somptueux festin
76%
fesses (familier) popotin
64%
annuaire bottin
60%
animal champion de la haute montagne bouquetin
59%
fatalité destin
58%
fille de joie catin
53%
baiser, pelle patin
49%
commérage potin
47%
idiot cretin
44%
trophée butin
42%
étoffe satin
41%
du côté droit de l'abdomen intestin
31%
élite gratin
30%
bagout baratin
29%
récépissé bulletin
27%
petits poissons fretin
27%
gros chien de garde mâtin
21%
rebelle mutin
15%
blagueur plaisantin
13%
facile enfantin
12%
casemate fortin
11%
petit emballage en carton ballotin
8%
matière végétale naturelle rotin
8%
mauvais acteur cabotin
6%
débauché libertin
6%
girouette pantin
5%
jeune enfant très espiègle. diablotin
3%
caché clandestin
0%
élève officier non diplômé, dans la marine marchande pilotin
0%
Aucun quiz correspondant
Distribution des résultats
% des personnes avec chaque résultat
Percentile par nombre de réponses
Votre historique - résultats
Vous n’avez pas pris ce quiz